00361nam a2200145Ia 4500008004100000020001500041041001200056082001100068100001600079245005600095260003500151300000800186650000800194700001300202221030s9999 xx 000 0 und d a8121924502 aEnglish a105.23 aV. K. Mehta 0aPrinciples of Electronicscby V. K. Mehta, R. Mehta bS.Chand & Co.aNew Delhic2010 a778 aECE aR. Mehta